000 00367nam a2200145Ia 4500
008 100122s9999 xx 000 0 und d
082 _b20228
_a822.33
100 _aBARKER H G
245 _aPREFACES TO SHAKESPEARE
260 _bBIT BATSFORD LTD
_c1960
300 _a310
630 _aPREFACES TO SHAKESPEARE
730 _aPREFACES TO SHAKESPEARE
942 _cBOOK
999 _c366274
_d366271